000 00451nam a2200193Ia 4500
008 151121s9999||||xx |||||||||||||| ||und||
082 _a080 /MAS
082 _bHNW-67298
100 _aMasani R। P।
245 4 _aThe five Gifts
260 _b"Collins,London।"
260 _c--
300 _a192
600 _aMasani R। P।
630 _aThe five Gifts
700 _aMasani R। P।
730 _aThe five Gifts
942 _cBOOK
999 _c1248793
_d1248790